| 000 | 00397nam a2200145Ia 4500 | ||
|---|---|---|---|
| 008 | 231129s2004||||xx |||||||||||||| ||spa|| | ||
| 020 | _a958-30-0936-9 | ||
| 040 | _bspa | ||
| 082 | _a(i) Co863.44 R436b | ||
| 100 | _aRestrepo Gomez Alonso | ||
| 245 | 0 | _aLa ballena jorobada: La gran viajera | |
| 260 | _c2004 | ||
| 264 | _aPanamericana | ||
| 942 |
_2ddc _cBKS |
||
| 999 |
_c16454 _d16454 |
||